[Event "Saarland-ch C 85th"]
[Site "Homburg"]
[Date "2010.03.31"]
[Round "6"]
[White "Gansauge, Wolfgang"]
[Black "Luy, Markus"]
[Result "1/2-1/2"]
[WhiteElo "1388"]
[BlackElo "1442"]
[PlyCount "31"]
[EventDate "2010.03.28"]
[EventType "swiss"]
[EventRounds "9"]
[EventCountry "GER"]
[SourceTitle "EXT 2011"]
[Source "ChessBase"]
[SourceDate "2010.11.26"]
[SourceVersion "1"]
[SourceVersionDate "2010.11.26"]
[SourceQuality "1"]

1. e4 c5 2. c3 d6 3. d4 cxd4 4. cxd4 Nf6 5. Nc3 g6 6. h3 Bg7 7. Nf3 0-0 8. Be3 Qa5 9. Bd3 Nc6 10. 0-0 Bd7 11. Qd2 Rac8 12. Rfc1 a6 13. a3 e6 14. b4 Qd8 15. b5 axb5 16. Nxb5 1/2-1/2

[Event "Saarland-ch C 85th"]
[Site "Homburg"]
[Date "2010.03.28"]
[Round "2"]
[White "Gansauge, Wolfgang"]
[Black "Alt, Elisabeth"]
[Result "1/2-1/2"]
[WhiteElo "1388"]
[BlackElo "1311"]
[PlyCount "69"]
[EventDate "2010.03.28"]
[EventType "swiss"]
[EventRounds "9"]
[EventCountry "GER"]
[SourceTitle "EXT 2011"]
[Source "ChessBase"]
[SourceDate "2010.11.26"]
[SourceVersion "1"]
[SourceVersionDate "2010.11.26"]
[SourceQuality "1"]

1. e4 d5 2. exd5 Nf6 3. d4 Nxd5 4. c4 Nb6 5. b3 Bf5 6. Nf3 e6 7. Bb2 Nc6 8. Nbd2 Nb4 9. Be2 Nc2+ 10. Kf1 Nxa1 11. Qxa1 Be7 12. Ne5 Bf6 13. Ndf3 Nd7 14. g4 Be4 15. g5 Bxg5 16. Nxg5 Qxg5 17. Rg1 Qf6 18. Nxd7 Kxd7 19. d5 Qe7 20. Rxg7 Rhg8 21. dxe6+ Qxe6 22. Bg4 Bf5 23. Qd1+ Ke7 24. Ba3+ Kf6 25. Qd4+ Qe5 26. Rxf7+ Kxf7 27. Qxe5 Bxg4 28. Qxc7+ Kg6 29. Qxb7 Bh3+ 30. Ke1 Rge8+ 31. Kd2 Bf5 32. Qc6+ Kf7 33. Qc7+ Kg6 34. Qd6+ Kf7 35. Qd5+ 1/2-1/2

[Event "Saarland-ch C 85th"]
[Site "Homburg"]
[Date "2010.03.28"]
[Round "3"]
[White "Wolsdorfer, Tim"]
[Black "Gansauge, Wolfgang"]
[Result "0-1"]
[WhiteElo "1171"]
[BlackElo "1388"]
[PlyCount "54"]
[EventDate "2010.03.28"]
[EventType "swiss"]
[EventRounds "9"]
[EventCountry "GER"]
[SourceTitle "EXT 2011"]
[Source "ChessBase"]
[SourceDate "2010.11.26"]
[SourceVersion "1"]
[SourceVersionDate "2010.11.26"]
[SourceQuality "1"]

1. e4 d5 2. exd5 Qxd5 3. d4 c6 4. c4 Qa5+ 5. Bd2 Qc7 6. Nf3 Bf5 7. Be2 Nf6 8. 0-0 e6 9. Ne5 Bd6 10. f4 Nbd7 11. g4 Bxb1 12. Rxb1 Ne4 13. Bd3 Nxd2 14. Qxd2 c5 15. Nxd7 Qxd7 16. Be2 b6 17. Bf3 Rd8 18. d5 0-0 19. h3 Kh8 20. Rf2 Be7 21. Rbf1 Bf6 22. Re2 Bd4+ 23. Kh1 Qe7 24. dxe6 fxe6 25. f5 Qh4 26. fxe6 Qxh3+ 27. Rh2 Qxf1# 0-1